00291nam a2200121Ia 4500008004100000082001400041100002100055245003300076250000800109260002600117300000800143650001800151150301s2014 xx 000 0 und d a611bE14K aKOTHARI, MANU L. aESSENTIALS OF HUMAN GEMETICS a5TH bUNI.PUB.aINDIAc2014 a488 aHUMAN ANATOMY